000 00930nac a22003011i 4500
003 EG-ScBUE
005 20240926104107.0
008 141103t2006 -cn f 000 0 eng d
020 _a0321307135
020 _a9780321307132
040 _aEG-ScBUE
_beng
_erda
_cEG-ScBUE
_dEG-ScBUE
082 0 4 _a515
_bADA
_222
100 1 _aAdams, Robert A.,
_eauthor.
_933441
245 1 0 _aCalculus :
_ba complete course /
_cRobert A. Adams, University of British Columbia.
250 _aSixth edition.
264 1 _aToronto :
_bPearson Addison Wesley,
_c[2006]
264 4 _cc2006
300 _a342 pages :
_c28 cm.
336 _2rdacontent
_atext
_btxt
337 _aunmediated
_2rdamedia
_bn
338 _avolume
_bnc
_2rdacarrier
490 0 _aStudent solutions manual
500 _aIncludes appendix.
650 7 _aCalculus.
_2BUEsh
650 7 _aCalculus
_xTextbooks.
_2BUEsh
655 _vReading book
942 _cNB
_2ddc
999 _c1568
_d1568